| 000 | 00527nam a22001817a 4500 | ||
|---|---|---|---|
| 005 | 20231206125306.0 | ||
| 008 | 231206b |||||||| |||| 00| 0 eng d | ||
| 020 | _a978-1-118-700679 | ||
| 082 |
_a611.0222 _bTOR |
||
| 100 | _aTortora, Gerard J., | ||
| 245 |
_aA brief atlas of the skeleton and surface anatomy: _cTortora, Gerard J., |
||
| 260 |
_aUSA _bJohn Wiley & Sons _c2014 |
||
| 300 | _a47 | ||
| 500 | _aAtlas, illustrated Book | ||
| 650 | _aMedical/ Reference | ||
| 700 | _aMark; Nielsen (Photographer) | ||
| 999 |
_c34804 _d34804 |
||